On the origins of the western slope region of endemism: systematics of fig-eating bats, genus Artibeus (Registro nro. 10139)

Detalles MARC
000 -CABECERA
Campo de control 006220000a22001930004500
090 ## - CLASIFICACIÓN LOCAL
Colección AR
Consecutivo 01051
041 0# - IDIOMA
Código de idioma para texto/pista de sonido o título separado
100 1# - ASIENTO PRINCIPAL--NOMBRE PERSONAL
Nombre personal Patterson, Bruce D.
245 10 - MENCION DE TITULO
Título On the origins of the western slope region of endemism: systematics of fig-eating bats, genus Artibeus
650 14 - ASIENTO SECUNDARIO DE MATERIA - TERMINO TEMATICO
Término temático o nombre geográfico como elemento de entrada Filogenética
650 14 - ASIENTO SECUNDARIO DE MATERIA - TERMINO TEMATICO
Término temático o nombre geográfico como elemento de entrada Murciélagos
650 14 - ASIENTO SECUNDARIO DE MATERIA - TERMINO TEMATICO
Término temático o nombre geográfico como elemento de entrada Evolución
650 14 - ASIENTO SECUNDARIO DE MATERIA - TERMINO TEMATICO
Término temático o nombre geográfico como elemento de entrada Sistemática animal
653 ## - TERMINO DE INDIZACION - NO CONTROLADO
-- Artibeus
700 1# - ASIENTO SECUNDARIO - NOMBRE PERSONAL
Nombre personal Pacheco, Victor
700 1# - ASIENTO SECUNDARIO - NOMBRE PERSONAL
Nombre personal Ashley, Mary V.
773 1# - Item fuente:
Título Memorias del Museo de Historia Natural
Especificación de materiales 379
Descripción física 21
Paginas del Articulo 189-205
Lugar, editorial y fecha de publicación 1992
942 ## - ELEMENTOS ADICIONALES (KOHA)
Tipo de ítem Artículo
Existencias
Withdrawn status Lost status Damaged status No para préstamo Colección Ubicación Permanente Ubicación actual Fecha de adquisición Datos de publicación Seriada Total Checkouts Número topográfico Inventario / Código de Barras Date last seen Ejemplar Price effective from Forma de adquisición Tipo de material
      No para Préstamo Hemeroteca Bogotá Bogotá 27/02/2015 Fuera de circulación   AR 01051 011368 25/03/2015 1 25/03/2015   Artículo
      No para Préstamo Hemeroteca Bogotá Bogotá 27/02/2015 Fuera de circulación   AR 01051 011369 25/03/2015 2 25/03/2015   Artículo